banner koha

Fitoterápicos e plantas medicinais: uso entre idosos no controle de doenças crônicas (Registro n. 327799)

MARC details
000 -LÍDER
fixed length control field 03785nab a2200265 i 4500
003 - CÓDIGO MARC DA AGÊNCIA CATALOGADORA
Campo de controle BR-BrBNA
005 - DATA E HORA DA ÚLTIMA ATUALIZAÇÃO
Campo de controle 20240924161742.0
008 - CAMPO DE TAMANHO FIXO
fixed length control field 240924b2021 bl.qr|pooa||| 00| 0 por |
040 ## - FONTE DA CATALOGAÇÃO
Agência catalogadora BR-BrBNA
Idioma da catalogação por
072 ## - CATEGORIA AGRIS
Código AGRIS S01
100 ## - ENTRADA PRINCIPAL - NOME PESSOAL
Nome pessoal Francisco, Celia Maria
100 ## - ENTRADA PRINCIPAL - NOME PESSOAL
Nome pessoal Sousa, Arleide Ferreira
245 ## - TÍTULO PRINCIPAL
Título principal Fitoterápicos e plantas medicinais: uso entre idosos no controle de doenças crônicas
500 ## - NOTA GERAL
Nota geral Publicação on-line; 27 ref.; 3 tables; 1 illus.; Summaries (En, Pt)
942 ## - ADDED ENTRY ELEMENTS (KOHA)
Koha item type Analítica
520 ## - NOTA DE RESUMO
Nota de conteúdo <br/><br/>RESUMO: <br/><br/>O presente estudo teve o objetivo de verificar o uso de fitoterápicos e plantas<br/>medicinais entre os idosos para o controle de doenças crônicas. A metodologia utilizada na<br/>presente pesquisa foi uma revisão integrativa. Foi evidenciado que a maioria dos idosos utiliza<br/>as plantas medicinais para o tratamento de diabetes e hipertensão arterial. Além disso, um<br/>número considerável de idosos consome as plantas do próprio quintal, dos vizinhos e amigos<br/>para fazer chá na forma de infusão, principalmente entre as mulheres. No entanto, os idosos<br/>utilizam as plantas que não são comprovadas cientificamente para a finalidade almejada,<br/>preparam de forma inadequada e selecionam a parte incorreta da erva, acreditando que irão<br/>alcançar o controle da doença. Apesar disto, foram encontrados idosos que utilizam plantas<br/>que são reconhecidas cientificamente para o tratamento proposto, reforçando o saber popular.<br/>Porém, apesar dos idosos terem conhecimento popular, torna-se importante a participação de<br/>um profissional habilitado e com conhecimento para orientar os idosos quanto aos riscos de<br/>interação, intoxicação, forma de uso, e forma de preparo e, principalmente, o reconhecimento<br/>seguro das espécies.<br/><br/>Palavras-chave: fitoterápicos, ervas medicinais, plantas medicinais, tratamento, idoso.
520 ## - NOTA DE RESUMO
Nota de conteúdo <br/><br/>ABSTRACT: <br/><br/>Phytotherapeutics and medicinal plants: use among the elderly in the control<br/>of chronic diseases. The objective of the present study was to verify the use of phytotherapics<br/>and medicinal plants among the elderly to control chronic diseases. The methodology used in this<br/>research was an integrative review. It was evidenced that the majority of the elderly use medicinal<br/>plants mainly for the treatment of diabetes and hypertension. In addition, a considerable number<br/>of elderly people consume plants of their own yard, or from neighbors and friends, in order to<br/>make tea in form of infusion, especially among women. However, the elderly use plants that are<br/>not scientifically validated for the intended purpose, besides preparing them inadequately and<br/>selecting the wrong part of the herb, always believing they will achieve control of their disease.<br/>Despite these facts, we found elderly people who use plants that are scientifically recognized for<br/>the proposed treatment, reinforcing the popular knowledge. However, although the elderly have a<br/>popular knowledge, it is important the participation of a qualified and knowledgeable professional<br/>in order to guide the elderly regarding the risks of interaction and intoxication, besides the right<br/>use and preparation, especially regarding the safe recognition of the plant species.<br/><br/>Keywords: Phytotherapeutics, medicinal herbs, medicinal plants, treatment, elderly
650 ## - ASSUNTO - THESAGRO
Cabeçalho tópico ou nome geográfico FITOTERAPIA
650 ## - ASSUNTO - THESAGRO
Cabeçalho tópico ou nome geográfico PLANTA MEDICINAL
650 ## - ASSUNTO - THESAGRO
Cabeçalho tópico ou nome geográfico TRATAMENTO
650 ## - ASSUNTO - THESAGRO
Cabeçalho tópico ou nome geográfico IDOSO
773 0# - ENTRADA ANALÍTICA
Host Biblionumber 3543
Registro do item 344691
Imprenta Botucatu-SP Instituto de Biociências - Departamento de Química e Bioquímica 1998
Outro identificador 2024-5023
Título Revista Brasileira de Plantas Medicinais (Brazil)
ISSN 1516-0572
Colação v. 23(3) p. 131-139; (2021)
Número de controle de registro BR2024002662
856 ## - ACESSO E ENDEREÇO ELETRÔNICO
Identificador uniforme de recurso - URI http://www.sbpmed.org.br/admin/files/papers/file_WN5xxOtshVcD.pdf

Nenhum exemplar disponível.

BINAGRI

Telefone: (61)3218-2567/2388/3357/2097 - binagri@agro.gov.br

Ministério da Agricultura e Pecuária , Esplanada dos Ministérios, Bloco D, Anexo B, Brasília/DF, CEP: 70.043-900